| 000 | 00560cam a22001691a 4500 | ||
|---|---|---|---|
| 001 | 000006014 | ||
| 005 | 20200929151902.0 | ||
| 008 | 751010s1967 sp a b 000 0 spa d | ||
| 040 |
_aDO-SdBNP _bspa _cBNPHU |
||
| 082 |
_axxxx _bH967m |
||
| 100 | 1 |
_aHurtado Chamorro, Alejandro _916943 |
|
| 245 | 1 | 3 |
_aLa mitología griega en Ruben Dario / _cAlejandro Hurtado Chamorro. |
| 260 |
_aMadrid : _bLa Muralla, _c1967. |
||
| 300 |
_a248 p. : _bill. ; _c21 cm. |
||
| 504 | _aBibliografía: p. 245-248 | ||
| 600 | 1 | 0 |
_aDARIO, RUBÉN, _d1867-1916 _xCRÍTICA E INTERPRETACIÓN _98388 |
| 999 |
_c5810 _d5810 |
||